000 00857nam a22002657i 4500
005 20210818182122.0
008 181227s2005 uy a br 000 j spa d
020 _a9974782651
040 _aCOMFC
_bspa
_erda
041 _aspa
099 _aL. I. MATL
100 1 _953726
_aMaturana, Silvia
_eaut
245 1 3 _aLa lechuza Chela Checena
_cSilvia Maturana
264 0 1 _aMontevideo (Uruguay)
_bLatinbooks International S. A.
_c2005
300 _a[8] páginas
_bilustraciones
_c14 x 19.5 cm
336 _2rdacontent
_atxt
337 _2rdamedia
_an
338 _2rdacarrier
_anc
490 _953727
_aColección Animales Alegres y Amigos
090 _aL. I.
_bMATL
650 0 _921349
_aLiteratura Infantil
650 0 _953728
_aPoemas Narrativos
650 0 _953696
_aCuentos Ilustrados para Niños
942 _2ddc
_hL. I. MATL
_kL. I.
_mMATL
999 _c14356
_d14356